00441nam a2200145Ia 4500003000900000008004100009040001600050080001600066100002500082245008400107260003400191300001000225650004100235650001900276IN-BaIIA211028s9999 xx 000 0 eng d cIIA Library a523.46bALE aAlexander, A. F. O'D 4aThe planet saturnc A. F. O'D Alexander  aLondonbFaber and Faberc1962 a474p. aAstronomy and astrophysics thesaurus aPlanets-saturn